Market leader: intermediate business English course book

Guardat en:
Dades bibliogràfiques
Autors principals: Cotton, David (Autor), Falvey, David (Autor), Kent, Simon (Autor)
Format: Llibre
Idioma:anglès
Publicat: Essex Pearson Education Limited 2005
Edició:2a. ed
Matèries:
Etiquetes: Afegir etiqueta
Sense etiquetes, Sigues el primer a etiquetar aquest registre!

MARC

LEADER 00000cam a2200000 a 4500
001 UCF1226
003 CL-VaPUC
008 120629e20050000UK |||||||||||||||||eng|d
020 |a 9781405881357 
082 0 4 |a 428  |b COT  |2 21 
100 0 |a Cotton, David  |e author  |9 562819 
700 0 |a Falvey, David  |e author  |9 562820 
700 0 |a Kent, Simon  |e author  |9 562821 
245 1 0 |a Market leader: intermediate business English course book 
250 |a 2a. ed 
300 |a 176 p 
942 |c BK 
945 |d 20120629 00:00:00  |a cmena 
260 |a Essex  |b Pearson Education Limited  |c 2005 
500 |a Incluye CD-ROM y CD de audio 
650 0 |a Enseñanza del inglés  |9 367340 
650 0 |a Inglés comercial  |9 323356 
650 0 |a Métodos de enseñanza  |9 270413 
650 0 |a Libros de texto  |9 270019 
650 7 |a ENSEÑANZA PROGRAMADA  |2 CL-VaPUC  |9 263217 
583 |a last modification  |c 20120629 12:35:00  |k Rodrigo Vera 
999 |c 348116  |d 348114 
952 |0 0  |1 2  |4 0  |6 428_000000000000000_COT_2005  |7 0  |8 A  |9 449998  |a BIBGIM  |b BIBGIM  |d 2019-11-22  |i 4879465  |o 428 COT 2005  |p 4879465  |r 2019-11-22  |w 2019-11-22  |y BK  |k COM 
952 |0 0  |1 0  |4 0  |6 428_000000000000000_COT_2005  |7 0  |8 A  |9 449999  |a BIBGIM  |b BIBGIM  |d 2019-11-22  |i 4879473  |o 428 COT 2005  |p 4879473  |r 2025-01-15  |w 2019-11-22  |y BK  |k COM